| 000 | 00443nam a2200181Ia 4500 | ||
|---|---|---|---|
| 999 |
_c35553 _d35553 |
||
| 001 | 1414 | ||
| 003 | GE_BSU | ||
| 005 | 20221115121408.0 | ||
| 008 | 181216s2009||||enk|||||||||||||| ||eng|| | ||
| 040 | _cGE_BSU | ||
| 080 | _a811.111 P-32 | ||
| 100 |
_aPaterson, Ken _915821 |
||
| 245 |
_aLiving Grammar / _cPaterson, Ken. |
||
| 264 |
_aOxford : _belementary, _c. |
||
| 300 | _a155 p. | ||
| 653 | _aგრამატიკა | ||
| 942 |
_cBK _2udc |
||